000 003160000a22001450004500
005 20120302054456.0
942 _cBOOK
245 _a Kalyan Anka:Varsha 45-Anka-2
260 _aGorakhpur:Geeta,1971.
300 _a214-274p.
040 _aHIN
650 _aSankirna
650 _aMaaasik-Kalyan
650 _aMaasik
999 _c345736
_d345733